000 00307nam a22001337a 4500
008 181019b xxu||||| |||| 00| 0 eng d
020 _a9780738603636
041 _aeng
080 _a370
100 _a47
101 _aEDU
245 _aPraxias Midle Scool Matheamrics
_cFriedman.m.h
942 _2udc
_cBK
999 _c50183
_d50183